Statistics for Flag Carrier Airlines

Click here to take the quiz!

General Stats

  • This quiz has been taken 99 times
  • The average score is 91 of 146

Answer Stats

CountryAirline% Correct
AustraliaQantas
96%
GermanyLufthansa
93%
ChinaAir China
89%
FranceAir France
89%
ItalyAlitalia
87%
United KingdomBritish Airways
87%
The NetherlandsKLM
87%
ChileLATAM Chile
87%
IrelandAer Lingus
85%
CanadaAir Canada
85%
IndiaAir India
85%
ColombiaAvianca
85%
FinlandFinnair
85%
JapanJapan Airlines
85%
Denmark | Norway | SwedenScandinavian Airlines
85%
AustriaAustrian Airlines
83%
Hong KongCathay Pacific
83%
EgyptEgyptAir
83%
MexicoAeromexico
81%
New ZealandAir New Zealand
81%
EthiopiaEthiopian Airlines
81%
IcelandIcelandair
81%
JordanRoyal Jordanian
81%
RussiaAeroflot
80%
BelgiumBrussels Airlines
80%
Saudi ArabiaSaudia
80%
IsraelEl Al
78%
United Arab EmiratesEmirates
78%
FijiFiji Airways
78%
SpainIberia
78%
PolandLOT Polish Airlines
78%
SingaporeSingapore Airlines
78%
ThailandThai Airways International
78%
AustraliaVirgin Australia
78%
ArgentinaAerolineas Argentinas
76%
IndonesiaGaruda Indonesia
76%
IranIran Air
76%
KenyaKenya Airways
76%
South KoreaKorean Air
76%
MalaysiaMalaysia Airlines
76%
MoroccoRoyal Air Maroc
76%
SwitzerlandSwiss International Air Lines
76%
PortugalTAP Air Portugal
76%
United Arab EmiratesEtihad Airways
74%
TurkeyTurkish Airlines
74%
BahrainGulf Air
72%
KuwaitKuwait Airways
72%
GreeceAegean Airways
70%
Czech RepublicCzech Airlines
70%
BruneiRoyal Brunei Airlines
70%
South AfricaSouth African Airways
70%
AlgeriaAir Algerie
69%
MaltaAir Malta
69%
AzerbaijanAzerbaijan Airlines
69%
BangladeshBiman Bangladesh Airlines
69%
OmanOman Air
69%
PakistanPakistan International Airlines
69%
GreenlandAir Greenland
67%
MauritiusAir Mauritius
67%
AlbaniaAir Albania
65%
French PolynesiaAir Tahiti Nui
65%
TaiwanChina Airlines
65%
PanamaCopa Airlines
65%
Sri LankaSriLankan Airlines
65%
AngolaTAAG Angola Airlines
65%
North KoreaAir Koryo
63%
The BahamasBahamasair
63%
CubaCubana de Aviacion
63%
LebanonMiddle East Airlines
63%
The PhilippinesPhilippine Airlines
63%
LatviaAir Baltic
61%
AfghanistanAriana Afghan Airlines
61%
CroatiaCroatian Airlines
61%
BhutanDruk Air
61%
BulgariaBulgaria Air
59%
IraqIraqi Airways
59%
UkraineUkraine International Airlines
59%
VietnamVietnam Airlines
59%
KazakhstanAir Astana
57%
SerbiaAir Serbia
57%
BelarusBelavia
57%
BoliviaBoliviana de Aviacion
57%
LuxembourgLuxair
57%
RomaniaTAROM
57%
MadagascarAir Madagascar
56%
NepalNepal Airlines
56%
BotswanaAir Botswana
54%
DjiboutiAir Djibouti
54%
MacauAir Macau
54%
SenegalAir Senegal
54%
SeychellesAir Seychelles
54%
Guyana | Jamaica | Trinidad and TobagoCaribbean Airlines
54%
Cayman IslandsCayman Airways
54%
GeorgiaGeorgian Airways
54%
Burkina FasoAir Burkina
52%
MoldovaAir Moldova
52%
CambodiaCambodia Angkor Air
52%
TunisiaTunisair
52%
UzbekistanUzbekistan Airways
52%
YemenYemenia
52%
VanuatuAir Vanuatu
50%
MongoliaMIAT Mongolian Airlines
50%
ReunionAir Austral
48%
NamibiaAir Namibia
48%
Papua New GuineaAir Niugini
48%
ZimbabweAir Zimbabwe
48%
LaosLao Airlines
48%
MontenegroMontenegro Airlines
48%
RwandaRwandAir
48%
CameroonCamair-Co
46%
MozambiqueLAM Mozambique Airlines
46%
LibyaLibyan Airlines
46%
NauruNauru Airlines
46%
EstoniaNordica
46%
Cape VerdeTACV
46%
Ivory CoastAir Cote d'Ivoire
44%
KiribatiAir Kiribati
44%
TanzaniaAir Tanzania
44%
Faroe IslandsAtlantic Airways
44%
Democratic Republic of the CongoCongo Airways
44%
VenezuelaConviasa
44%
EritreaEritrean Airlines
44%
SyriaSyrian Air
44%
LibyaAfriqiyah Airways
43%
Equatorial GuineaCEIBA Intercontinential
43%
CongoEquatorial Congo Airlines
43%
MalawiMalawian Airlines
43%
MauritaniaMauritania Airlines
43%
MyanmarMyanmar National Airlines
43%
Solomon IslandsSolomon Airlines
43%
SudanSudan Airways
43%
EcaudorTAME
43%
TurkmenistanTurkmenistan Airlines
43%
UgandaUganda Airlines
43%
EswatiniEswatini Airlink
41%
MaldivesMaldivian
41%
SamoaSamoa Airways
41%
Sao Tome and PrincipeSTP Airways
41%
SurinameSuriname Airways
41%
St. Vincent and the GrenadinesSVG Air
39%
GuernesyAurigny Air Services
37%
ChadChadian Airlines
37%

Score Distribution

Percentile by Number Answered

Percent of People with Each Score

Your Score History

You have not taken this quiz